| 000 | 00649nam a2200205 a 4500 | ||
|---|---|---|---|
| 005 | 20250116063906.0 | ||
| 008 | 991125s1989 par 000 0 fre u | ||
| 035 | _aUPN01000018545 | ||
| 049 | _aCG | ||
| 050 | 4 |
_aLC92 A44 _bE39 |
|
| 245 | 0 | 0 |
_aEducational planning in practice = Les practiques de la planification de l'education / _cHugo Díaz ... [et al]. |
| 260 |
_aParís : _bIIEP, _c1989. |
||
| 300 | _a192 p. | ||
| 440 | 0 |
_aIIEP Booklet; _v5 |
|
| 650 | 4 |
_aEducación _zÁfrica _9687 |
|
| 650 | 4 |
_aEducación _zChina _911014 |
|
| 650 | 4 |
_aEDUCACION - _xPLANIFICACION - _zAMERICA LATINA _917905 |
|
| 700 | 1 |
_aDíaz, Hugo, _ecoaut. |
|
| 905 | _aLibro | ||
| 999 |
_c18545 _d18545 |
||